Online Catalogue and eLibrary

Humanism (Record no. 3151)

MARC details
000 -LEADER
fixed length control field 00416nam a2200181Ia 4500
005 - DATE AND TIME OF LATEST TRANSACTION
control field 20241002032811.0
008 - FIXED-LENGTH DATA ELEMENTS--GENERAL INFORMATION
fixed length control field 240331s9999 xx 000 0 und d
020 ## - INTERNATIONAL STANDARD BOOK NUMBER
ISBN 041511052
082 ## - DDC Classification
Item Number - Author Mark DAV
Class No. 809
100 ## - MAIN ENTRY--PERSONAL NAME
Personal name Davies, T
245 #0 - TITLE STATEMENT
Title Humanism
260 ## - PUBLICATION, DISTRIBUTION, ETC.
Place of publication, distribution, etc. London
Name of publisher, distributor, etc. Routledge
Date of publication, distribution, etc. 1997
300 ## - PHYSICAL DESCRIPTION
Extent (e.g. Volumes, Pages etc.) vi, 152 p .,
650 ## - SUBJECT ADDED ENTRY--TOPICAL TERM
Topical term or geographic name entry element Criticism
650 ## - SUBJECT ADDED ENTRY--TOPICAL TERM
Topical term or geographic name entry element Philosophy
650 ## - SUBJECT ADDED ENTRY--TOPICAL TERM
Topical term or geographic name entry element Humanism in Literature
942 ## - Koha item type (Biblio)
Koha item type Books in Stacks (Lending)
Holdings
Lost status Damaged status Collection code Home library Current library Shelving location Date acquired Full call number Accession Number Item type
    Lending WERC Library WERC Library Social Science Cupboard 03/31/2024 809.9 DAV 2688 Books in Stacks (Lending)

© WERC Library